000 01472nam a22003614a 4500
001 ebr10211056
003 CaPaEBR
006 m u
007 cr cn|||||||||
008 040908s2005 enka sb 001 0 eng
010 _z 2004021202
020 _z0754641201 (hardback)
020 _z075464121X (pbk.)
040 _aCaPaEBR
_cCaPaEBR
035 _a(OCoLC)236346123
050 1 4 _aHV11
_b.D64 2005eb
082 0 4 _a361.3/2/0683
_222
100 1 _aDoel, Mark.
245 1 0 _aModern social work practice
_h[electronic resource] :
_bteaching and learning in practice settings /
_cby Mark Doel and Steven M. Shardlow.
250 _a3rd ed.
260 _aAldershot, Hampshire, England ;
_aBurlington, Vt. :
_bAshgate,
_cc2005.
300 _axxvi, 302 p. :
_bill.
504 _aIncludes bibliographical references p. (275-292) and index.
533 _aElectronic reproduction.
_bPalo Alto, Calif. :
_cebrary,
_d2013.
_nAvailable via World Wide Web.
_nAccess may be limited to ebrary affiliated libraries.
650 0 _aSocial work education.
650 0 _aSocial service
_vProblems, exercises, etc.
650 0 _aSocial case work
_vProblems, exercises, etc.
650 0 _aSocial workers
_xIn-service training.
655 7 _aElectronic books.
_2local
700 1 _aShardlow, Steven,
_d1952-
710 2 _aebrary, Inc.
856 4 0 _uhttp://site.ebrary.com/lib/rucke/Doc?id=10211056
_zAn electronic book accessible through the World Wide Web; click to view
999 _c227445
_d227445